000 00323nam a22001457a 4500
020 _a978-1-292-44631-8
082 _a658.15
100 _aBerk, Jonathan
245 _aCorporate Finance
250 _a6th
260 _aHarlow:
_bPearson,
_c2024
300 _a1195p.: ill.; 25cm
700 _aDemarzo, Peter
942 _cBK
999 _c22148
_d22148